Insect conservation (Registro nro. 7391)

Detalles MARC
000 -CABECERA
Campo de control 00769nam a22002057a 4500
005 - FECHA Y HORA DE LA ULTIMA TRANSACCION
Campo de control 20130717151934.0
008 - ELEMENTOS DE LONGITUD FIJA—INFORMACION GENERAL
Campo de control 111004t 2010enkabdo b 001 0 eng d
020 ## - ISBN
ISBN 9780199298235
041 ## - IDIOMA
Código de idioma para texto/pista de sonido o título separado Inglés
082 04 - NUMERO DE CLASIFICACION DECIMAL DEWEY
Número de clasificación 333.9557
Número del ítem S19i
100 1# - ASIENTO PRINCIPAL--NOMBRE PERSONAL
Nombre personal Samways, Michael John
245 10 - MENCION DE TITULO
Título Insect conservation
Parte restante del título a handbook of approaches and methods
Mención de responsabilidad Michael J. Samways, Melodie A. McGeoch and Tim R. New
260 ## - PUBLICACION, DISTRIBUCION, ETC. (PIE DE IMPRENTA)
Lugar de publicación, distribución, etc. Oxford, U.K. :
Nombre del editor, distribuidor, etc. Oxford University Press
Fecha de publicación, distribución, etc. c2010.
300 ## - DESCRIPCION FISICA
Extensión xv, 441 p.
Otros detalles físicos ilustraciones, cuadros, diagramas, fotos y mapas
Dimensiones 24 cm.
504 ## - NOTA DE BIBLIOGRAFIA, ETC.
Nota de bibliografía Incluye referencias bibliográficas (p. [375]-404) e índice.
650 14 - ASIENTO SECUNDARIO DE MATERIA - TERMINO TEMATICO
Término temático o nombre geográfico como elemento de entrada Insectos
Subdivisión general Conservación
700 1# - ASIENTO SECUNDARIO - NOMBRE PERSONAL
Nombre personal McGeoch, Melodie A.
700 1# - ASIENTO SECUNDARIO - NOMBRE PERSONAL
Nombre personal New, Timothy R.
942 ## - ELEMENTOS ADICIONALES (KOHA)
Sistema de clasificación Dewey Decimal Classification
Tipo de ítem
Existencias
Withdrawn status Lost status Sistema de Clasificación Damaged status No para préstamo Colección Inventariado Ubicación Permanente Ubicación actual Fecha de adquisición Fuente de Valor Valor Total Checkouts Número topográfico Inventario / Código de Barras Date last seen Ejemplar Price effective from Tipo de material
    Dewey Decimal Classification     General Inventariado 2017 Bogotá Bogotá 17/07/2013 Instituto 39000.00   LB 333.9557 S19i 028352 17/07/2013 Ej. 1 17/07/2013 Libro